<?xml version="1.0" encoding="UTF-8"?>
<marc:record xmlns:marc="http://www.loc.gov/MARC21/slim">
   <marc:leader>00000nam a2200000 a 4500</marc:leader>
   <marc:datafield ind1="1" ind2=" " tag="100">
      <marc:subfield code="a">Barci, Peter</marc:subfield>
      <marc:subfield code="4">ctb</marc:subfield>
      <marc:subfield code="e">Mitwirkende/-r</marc:subfield>
   </marc:datafield>
   <marc:datafield ind1=" " ind2=" " tag="653">
      <marc:subfield code="a">Softcover / Ratgeber/Essen</marc:subfield>
   </marc:datafield>
   <marc:datafield ind1=" " ind2=" " tag="653">
      <marc:subfield code="a">Trinken/Gesunde Küche</marc:subfield>
   </marc:datafield>
   <marc:datafield ind1=" " ind2=" " tag="653">
      <marc:subfield code="a">Schlanke Küche</marc:subfield>
   </marc:datafield>
   <marc:datafield ind1="0" ind2="0" tag="245">
      <marc:subfield code="a">Süchtig nach Süßem?</marc:subfield>
   </marc:datafield>
   <marc:datafield ind1="0" ind2="0" tag="245">
      <marc:subfield code="c">Inke Jochims</marc:subfield>
   </marc:datafield>
   <marc:datafield ind1=" " ind2="1" tag="264">
      <marc:subfield code="a">Wien</marc:subfield>
      <marc:subfield code="b">Kneipp-Verl.</marc:subfield>
      <marc:subfield code="c">2013</marc:subfield>
   </marc:datafield>
   <marc:datafield ind1=" " ind2=" " tag="250">
      <marc:subfield code="a">1. Aufl.</marc:subfield>
   </marc:datafield>
   <marc:datafield ind1="1" ind2=" " tag="520">
      <marc:subfield code="a">Angaben aus der Verlagsmeldung

Süchtig nach Süßem? Das Kochbuch zum Ausstieg aus der Zuckersucht / von Inke Jochims

Mit diesem Kochbuch gelingt der Ausstieg aus der Zuckersucht! Inke Jochims erklärt, warum bei einer herkömmlichen Ernährung das Gehirn immer wieder in Energiekrisen gerät und dadurch Süchte ausgelöst werden können. Mit der richtigen Ernährung lässt sich das vermeiden, nämlich wenn diese eiweißreich, weizenfrei und kohlenhydratarm ist. „Green Smoothies“ oder „Superfood“ können zusätzlich unterstützend wirken. Mit den passenden Rezepten aus diesem Kochbuch überwindet man nicht nur die Sucht, sondern kann auch Gewicht verlieren und sich auf jeden Fall gesund ernähren. Aus dem Inhalt: Einführung in das Thema Zuckersucht - Mehr als 60 Rezepte fürs Frühstück, für Snacks am Vormittag, für das Mittagessen (auch im Büro), für Nachmittagssnacks und fürs Abendessen
</marc:subfield>
   </marc:datafield>
   <marc:datafield ind1=" " ind2=" " tag="020">
      <marc:subfield code="a">9783708805771</marc:subfield>
      <marc:subfield code="9">9783708805771</marc:subfield>
   </marc:datafield>
   <marc:datafield ind1=" " ind2=" " tag="020">
      <marc:subfield code="a">3708805771</marc:subfield>
      <marc:subfield code="9">3708805771</marc:subfield>
   </marc:datafield>
   <marc:datafield ind1=" " ind2=" " tag="041">
      <marc:subfield code="a">ger</marc:subfield>
   </marc:datafield>
   <marc:datafield ind1=" " ind2=" " tag="300">
      <marc:subfield code="a">130 S.</marc:subfield>
   </marc:datafield>
</marc:record>
